000 00220 a2200097 4500
020 _a9789356435063
100 _aSuresh M. G., tr.
245 _aKohinoor(കോഹിനൂർ)
260 _bD C books
_c2022
942 _cOO
999 _c115359
_d115358